[Event "Najdorf Mem Open A 2014"]
[Site "Warsaw POL"]
[Date "2014.07.17"]
[Round "5.37"]
[White "Shvayger, Yuliya"]
[Black "Gasik, Anna"]
[Result "1-0"]
[WhiteTitle "WIM"]
[BlackTitle "WIM"]
[WhiteElo "2287"]
[BlackElo "2261"]
[WhiteFideId "14100126"]
[BlackFideId "1121952"]
[EventDate "2014.07.14"]

1. e4 c6 2. d4 d5 3. e5 Bf5 4. Nf3 e6 5. Be2 c5 6. Be3 Qb6 7. Nc3 Nc6 8. dxc5
Bxc5 9. Bxc5 Qxc5 10. Nb5 Kd7 11. c3 Nge7 12. O-O f6 13. exf6 gxf6 14. c4 a6 15.
cxd5 Nxd5 16. Rc1 Qb4 17. Nc3 Ne7 18. Nd4 Qd6 19. Nxf5 Nxf5 20. Nxd5 Qxd5 21.
Qxd5+ 1-0

[Event "Najdorf Mem Open A 2014"]
[Site "Warsaw POL"]
[Date "2014.07.17"]
[Round "5.38"]
[White "Halak, Miklos"]
[Black "Vaarala, Eric"]
[Result "1/2-1/2"]
[WhiteElo "2213"]
[BlackElo "2282"]
[WhiteFideId "726400"]
[BlackFideId "1711962"]
[EventDate "2014.07.14"]

1. e4 c5 2. c3 d5 3. exd5 Qxd5 4. d4 Nc6 5. Nf3 Bg4 6. Be2 e6 7. h3 Bxf3 8. Bxf3
Qd7 9. O-O Nf6 10. Bg5 cxd4 11. cxd4 Be7 12. Nc3 Nxd4 13. Bxb7 Qxb7 14. Qxd4 O-O
15. Rab1 Rfd8 16. Qh4 h6 17. Be3 Rd7 18. Qg3 Kf8 19. b4 Rc8 20. Na4 Ne4 21. Qf3
Nc3 22. Qxb7 Rxb7 23. Nxc3 Rxc3 24. Rfc1 Rxb4 25. Bxa7 Rxb1 26. Rxb1 Bc5 27.
Rb8+ Ke7 28. Rb7+ Kf6 29. a4 Bxa7 30. Rxa7 Ra3 31. a5 e5 32. a6 Ra1+ 33. Kh2 Kg6
34. Ra8 f5 35. a7 Ra3 36. Re8 1/2-1/2

[Event "Najdorf Mem Open A 2014"]
[Site "Warsaw POL"]
[Date "2014.07.17"]
[Round "5.39"]
[White "Nowak, Lukasz2"]
[Black "Erzhanov, Arman"]
[Result "1-0"]
[BlackTitle "FM"]
[WhiteElo "2110"]
[BlackElo "2278"]
[WhiteFideId "1166760"]
[BlackFideId "4138821"]
[EventDate "2014.07.14"]

1. e4 d6 2. d4 Nf6 3. Nc3 e5 4. Nf3 Nbd7 5. Bc4 Be7 6. O-O O-O 7. a4 c6 8. Re1
a5 9. b3 exd4 10. Nxd4 Nb6 11. Bf1 d5 12. e5 Ne8 13. f4 Bb4 14. Bd2 f6 15. Nce2
fxe5 16. Bxb4 axb4 17. fxe5 Nc7 18. Ng3 c5 19. a5 Nc4 20. bxc4 cxd4 21. Qxd4 Be6
22. Qc5 Na6 23. Qd6 Qxd6 24. exd6 Rae8 25. cxd5 Bxd5 26. Rxe8 Rxe8 27. Nf5 Kf7
28. Rd1 Be6 29. d7 Bxf5 30. dxe8=Q+ Kxe8 31. Bd3 Be6 32. Rb1 Nc5 33. Rxb4 Kd7
34. Bxh7 Kc6 35. Be4+ Kc7 36. Kf2 Bc8 37. Ke3 Nd7 38. Rc4+ Kd8 39. Bf5 g6 40.
Rxc8+ Kxc8 41. Bxd7+ Kxd7 42. Kd4 1-0

[Event "Najdorf Mem Open A 2014"]
[Site "Warsaw POL"]
[Date "2014.07.17"]
[Round "5.40"]
[White "Cajbel, Maciej"]
[Black "Arman, Deniz"]
[Result "1/2-1/2"]
[BlackTitle "FM"]
[WhiteElo "2206"]
[BlackElo "2272"]
[WhiteFideId "1123475"]
[BlackFideId "6302106"]
[EventDate "2014.07.14"]

1. e4 c5 2. Nc3 a6 3. a4 b6 4. g3 Bb7 5. Bg2 e6 6. Nge2 h5 7. h3 d5 8. exd5 Nf6
9. O-O Nxd5 10. Nxd5 Bxd5 11. Bxd5 Qxd5 12. Nf4 Qf5 13. d4 Nd7 14. Re1 Rd8 15.
d5 Nf6 16. c4 g5 17. Qd3 Qxd3 18. Nxd3 Nxd5 19. cxd5 Rxd5 20. Ne5 Bd6 21. Nc4
Bc7 22. Be3 Kd7 23. a5 bxa5 24. Red1 Kc6 25. Nxa5+ Kb5 26. Rxd5 exd5 27. Nb3 Bb6
28. Rc1 d4 29. Bxg5 Rg8 30. Bf6 Rg6 31. Be5 Re6 32. Bf4 Re2 33. Nd2 Ba5 34. Nc4
Bb4 35. Kf1 Re6 36. Nd2 a5 37. Re1 c4 38. Rxe6 fxe6 39. Ke2 a4 40. Nb1 Kc6 41.
g4 hxg4 42. hxg4 Kd5 43. f3 Bf8 44. Kd2 e5 45. Bg5 e4 46. fxe4+ Kxe4 47. Bf6 Bc5
48. g5 Kf5 49. Kc2 c3 50. bxc3 dxc3 51. Nxc3 Be3 52. Nxa4 Bxg5 53. Bd4 Bf6 54.
Bg1 Ke4 55. Nc5+ Kd5 56. Kd3 Be7 57. Ne4 Bb4 58. Bd4 Ke6 59. Kc4 Be7 60. Bh8 Bd8
61. Nc5+ Kf5 62. Bd4 Bf6 63. Be3 Bg5 64. Bf2 Be7 65. Nb3 Ke4 66. Nd2+ Kf5 67.
Kd5 Bg5 68. Ne4 Be7 69. Bd4 Ba3 70. Be5 Kg4 71. Nf6+ Kf3 72. Kc4 Be7 73. Nd5 Bh4
74. Kd3 Bg3 75. Bf6 Bf2 76. Bg5 Ba7 77. Nf6 Bb8 78. Bd2 Bf4 79. Bc3 Bb8 80. Ne4
Bf4 81. Be1 Bc1 82. Nc3 Bf4 83. Ne2 Be3 84. Bc3 Ba7 85. Bf6 Bb6 86. Bd4 1/2-1/2

[Event "Najdorf Mem Open A 2014"]
[Site "Warsaw POL"]
[Date "2014.07.17"]
[Round "5.41"]
[White "Adamski, Jan"]
[Black "Lewicki, Miroslaw"]
[Result "1-0"]
[WhiteTitle "IM"]
[BlackTitle "CM"]
[WhiteElo "2293"]
[BlackElo "2242"]
[WhiteFideId "1100190"]
[BlackFideId "1113380"]
[EventDate "2014.07.14"]

1. Nf3 b6 2. g3 Bb7 3. Bg2 g6 4. d4 Bg7 5. c4 d5 6. cxd5 Nf6 7. Ne5 Bxd5 8. Qa4+
c6 9. f3 Nfd7 10. Nxd7 Qxd7 11. Nc3 b5 12. Qd1 Be6 13. Be3 Na6 14. O-O Rd8 15.
f4 O-O 16. Qd2 b4 17. Ne4 Bxd4 18. Bxd4 Qxd4+ 19. Qxd4 Rxd4 20. Rfc1 Rc8 21. e3
Rd3 22. Bf1 Rxe3 23. Bxa6 Rxe4 24. Bxc8 Bxc8 25. Re1 Bf5 26. Rxe4 Bxe4 27. a3 a5
28. axb4 axb4 29. Ra8+ Kg7 30. Rb8 Kf6 31. Rxb4 Bd5 32. Kf2 e5 33. Ke3 h5 34. h4
Kf5 35. fxe5 Kxe5 36. Rf4 c5 37. Ra4 c4 38. Ra5 f6 39. Ra7 Be6 40. Re7 g5 41. g4
Kd6 42. Rg7 Bxg4 43. hxg5 Ke6 44. Rg6 Kf5 45. Rxf6+ Kxg5 46. Rc6 h4 47. Rc5+ Bf5
48. Rxc4 h3 49. Kf2 Kf6 50. Rh4 Ke6 51. Ke3 Kd6 52. Kd4 Kc6 53. Rh6+ Kb7 54. Kc5
Kc7 55. b4 Kb7 56. b5 Kc7 57. Rh5 Bg4 58. Rh7+ Kb8 59. Kc6 Bf5 60. Rh8+ Bc8 61.
Kb6 1-0

[Event "Najdorf Mem Open A 2014"]
[Site "Warsaw POL"]
[Date "2014.07.17"]
[Round "6.1"]
[White "Durarbayli, Vasif"]
[Black "Macieja, Bartlomiej"]
[Result "1/2-1/2"]
[WhiteTitle "GM"]
[BlackTitle "GM"]
[WhiteElo "2590"]
[BlackElo "2607"]
[WhiteFideId "13402935"]
[BlackFideId "1104306"]
[EventDate "2014.07.14"]

1. e4 c5 2. Nf3 Nc6 3. d4 cxd4 4. Nxd4 e6 5. Nc3 Qc7 6. Be3 a6 7. Qd2 Nf6 8. f4
Bb4 9. Bd3 Na5 10. a3 Bxc3 11. Qxc3 Qxc3+ 12. bxc3 d5 13. e5 Ne4 14. Nb3 Nc4 15.
Bxc4 dxc4 16. Na5 Bd7 17. Rb1 b5 18. Bd4 f5 19. exf6 gxf6 20. Rd1 h5 21. O-O 1/2-1/2

[Event "Najdorf Mem Open A 2014"]
[Site "Warsaw POL"]
[Date "2014.07.17"]
[Round "6.2"]
[White "Petrosian, Tigran L."]
[Black "Kempinski, Robert"]
[Result "1/2-1/2"]
[WhiteTitle "GM"]
[BlackTitle "GM"]
[WhiteElo "2629"]
[BlackElo "2597"]
[WhiteFideId "13301616"]
[BlackFideId "1105663"]
[EventDate "2014.07.14"]

1. Nf3 Nf6 2. g3 g6 3. Bg2 Bg7 4. O-O O-O 5. c4 d6 6. d4 Nbd7 7. Nc3 e5 8. h3
Re8 9. dxe5 dxe5 10. Be3 c6 11. Qb3 Bf8 12. Rfd1 Qc7 13. Na4 Ne4 14. Qc2 Nec5
15. Nxc5 Nxc5 16. b4 Bf5 17. Qb2 Nd7 18. Nd2 a5 19. b5 Bc5 20. bxc6 bxc6 21.
Bxc5 Nxc5 22. Qa3 Na6 23. g4 Be6 24. Ne4 Red8 25. Qc3 h6 26. c5 Bd5 27. Nf6+ Kg7
28. Nxd5 cxd5 29. Bxd5 Rac8 30. c6 Nb4 31. Be4 Nxc6 32. Kg2 Rd4 33. Rxd4 Nxd4
34. Qxc7 Rxc7 35. e3 Nb5 36. Bd3 Nc3 37. Rc1 Rc5 38. Kf1 Na4 39. Rc4 Rxc4 40.
Bxc4 f5 41. gxf5 gxf5 42. Ke2 Kf6 43. f4 Nc5 44. Bd5 Ne4 45. Bxe4 fxe4 46. Kf2
Kf5 47. fxe5 Kxe5 48. Kg3 Kd5 49. Kf4 a4 50. h4 a3 51. h5 Kc4 52. Kxe4 Kc3 53.
Kf5 Kb2 54. e4 Kxa2 55. e5 Kb3 56. e6 a2 57. e7 a1=Q 58. e8=Q Qa6 59. Qg6 Qf1+
60. Ke5 Qf8 61. Qd3+ Kb4 62. Qd4+ Kb5 63. Qd7+ Kc5 64. Qc7+ Kb5 65. Qb7+ Kc5 66.
Qd5+ Kb6 67. Qb3+ Kc6 68. Qa4+ Kb6 69. Qd7 Qc5+ 70. Qd5 1/2-1/2

[Event "Najdorf Mem Open A 2014"]
[Site "Warsaw POL"]
[Date "2014.07.17"]
[Round "6.3"]
[White "Markowski, Tomasz"]
[Black "Cheparinov, Ivan"]
[Result "1-0"]
[WhiteTitle "GM"]
[BlackTitle "GM"]
[WhiteElo "2572"]
[BlackElo "2690"]
[WhiteFideId "1105680"]
[BlackFideId "2905540"]
[EventDate "2014.07.14"]

1. d4 Nf6 2. Nf3 g6 3. c3 Bg7 4. Bf4 O-O 5. e3 d6 6. h3 c5 7. dxc5 e5 8. Bh2 e4
9. Nfd2 dxc5 10. Na3 Nc6 11. Ndc4 b6 12. Nb5 Nd5 13. Be2 Be6 14. O-O Qg5 15. Kh1
a6 16. Nbd6 f5 17. a4 Rad8 18. Qc2 Rd7 19. Rad1 Re7 20. Rd2 f4 21. Qxe4 Bg4 22.
Qxd5+ Qxd5 23. Rxd5 Bxe2 24. Re1 f3 25. Nd2 Ne5 26. Bxe5 Rxe5 27. Rxe5 Bxe5 28.
gxf3 Bd3 29. N6c4 Bc7 30. b3 Rd8 31. Ne4 Bc2 32. Ncd2 Be5 33. Rc1 Bd3 34. Kg2
Kg7 35. Nc4 Bc7 36. Nb2 Bxe4 37. fxe4 Rd2 38. Nc4 Rd3 39. Kf3 1-0

[Event "Najdorf Mem Open A 2014"]
[Site "Warsaw POL"]
[Date "2014.07.17"]
[Round "6.4"]
[White "Vovk, Yuri"]
[Black "Melkumyan, Hrant"]
[Result "1/2-1/2"]
[WhiteTitle "GM"]
[BlackTitle "GM"]
[WhiteElo "2591"]
[BlackElo "2647"]
[WhiteFideId "14113171"]
[BlackFideId "13302485"]
[EventDate "2014.07.14"]

1. Nf3 Nf6 2. c4 c5 3. Nc3 Nc6 4. g3 g6 5. d4 cxd4 6. Nxd4 d6 7. Bg2 Bd7 8. O-O
Bg7 9. e3 h5 10. h4 O-O 11. b3 Qa5 12. Bb2 Rfc8 13. Qd2 Rab8 14. Rfd1 a6 15. a4
Bg4 16. Nce2 Qxd2 17. Rxd2 Kf8 18. a5 Bd7 19. Bc3 Nxd4 20. Bxd4 Bc6 21. f3 Nd7
22. Kf2 Nc5 23. Ra3 Nd7 24. Bh3 Rd8 25. Rd1 Ne5 26. e4 Bd7 27. Bxe5 Bxe5 28.
Bxd7 Rxd7 29. f4 Bg7 30. e5 Ke8 31. exd6 Rxd6 32. Rxd6 exd6 33. Ke3 Kd7 34. b4
Re8+ 35. Kd3 Kc6 36. Rb3 d5 37. cxd5+ Kxd5 38. b5 axb5 39. Rxb5+ Kc6 40. Rb6+
Kc7 41. Rb5 Rd8+ 42. Ke3 f5 43. Rc5+ Kb8 44. a6 bxa6 45. Rc6 Kb7 46. Rxg6 Bb2
47. Rg5 a5 48. Rxf5 Kb6 49. Rxh5 a4 50. Rh6+ Kb5 51. Rh7 Kb6 52. Rh6+ Kb5 53.
Rh7 a3 54. Ra7 Rd6 55. g4 Ra6 56. Rd7 a2 57. Rd1 Re6+ 58. Kf3 Rd6 59. Rg1 Rc6
60. g5 Bc1 61. Nd4+ Ka4 62. Nxc6 a1=Q 63. Ne5 Qc3+ 64. Kg4 Bxf4 65. Kxf4 Qd4+
66. Kf5 Qxg1 67. g6 Qf2+ 68. Kg5 Qe3+ 69. Kf5 Qh6 70. Nf7 Qh5+ 71. Ng5 Qh8 72.
Ne6 Qh5+ 73. Ng5 Qh6 74. Nf7 Qf8 75. Kf6 Qb4 76. g7 Qd4+ 77. Kg6 Qe4+ 78. Kf6
Qd4+ 79. Kg6 Qe4+ 80. Kf6 Qxh4+ 81. Kg6 Qe4+ 82. Kf6 Qd4+ 83. Kg6 Qd3+ 84. Kf6
Qc3+ 85. Kg6 Qc6+ 86. Kf5 Qc8+ 87. Kf6 Qc3+ 88. Kg6 Qc2+ 89. Kf6 Qb2+ 90. Kg6
Qb1+ 91. Kf6 Qa1+ 92. Kg6 Qb1+ 93. Kf6 Qb2+ 94. Kg6 Qc2+ 95. Kf6 Qc3+ 96. Kg6
Qc6+ 97. Kf5 Qb5+ 98. Kf6 Qb6+ 99. Kf5 Qa5+ 100. Kf6 Qa6+ 101. Kf5 Qf1+ 102. Kg6
Qg2+ 103. Kf6 Qf2+ 104. Kg6 Qg3+ 105. Kf6 Qf4+ 106. Kg6 Qg4+ 107. Kf6 Qh4+ 108.
Kg6 Qg4+ 109. Kf6 Qf3+ 110. Kg6 Qd3+ 111. Kf6 Qh7 112. Ng5 Qg8 113. Nf7 Qh7 114.
Ng5 Qg8 115. Nf7 Kb5 116. Nh6 Qd8+ 117. Kg6 Qd3+ 118. Kf6 Qd4+ 119. Kg6 Qe4+
120. Kf6 Qc6+ 121. Kg5 Qg2+ 122. Kf6 Qf3+ 123. Kg6 Qg3+ 124. Kf6 Qxg7+ 125. Kxg7 1/2-1/2

[Event "Najdorf Mem Open A 2014"]
[Site "Warsaw POL"]
[Date "2014.07.17"]
[Round "6.5"]
[White "Shimanov, Aleksandr"]
[Black "Olszewski, Michal"]
[Result "1-0"]
[WhiteTitle "GM"]
[BlackTitle "GM"]
[WhiteElo "2644"]
[BlackElo "2553"]
[WhiteFideId "4198603"]
[BlackFideId "1121251"]
[EventDate "2014.07.14"]

1. Nf3 Nf6 2. c4 e6 3. g3 d5 4. Bg2 Nbd7 5. b3 Be7 6. O-O O-O 7. Bb2 b6 8. cxd5
exd5 9. d4 Bb7 10. Nbd2 c5 11. Ne5 cxd4 12. Nxd7 Qxd7 13. Bxd4 Qe6 14. Qc2 Rfe8
15. Rfe1 Ba3 16. Rad1 Ba6 17. e4 Rac8 18. Qb1 Qc6 19. e5 Nd7 20. b4 Qa4 21. Bxd5
Nf8 22. Ne4 Bxb4 23. Bb3 Qa5 24. Ng5 Bc4 25. Re4 Bxb3 26. Qxb3 Ne6 27. Bxb6 axb6
28. Nxe6 Rxe6 29. Rxb4 h5 30. Rb5 Qa8 31. h4 Rec6 32. Rbd5 Rc3 33. Qxb6 Qxa2 34.
e6 Rc1 35. exf7+ Kxf7 36. Qd4 Qb1 37. Rd7+ Ke8 38. Qe5+ 1-0

[Event "Najdorf Mem Open A 2014"]
[Site "Warsaw POL"]
[Date "2014.07.17"]
[Round "6.6"]
[White "Heberla, Bartlomiej"]
[Black "Ragger, Markus"]
[Result "1/2-1/2"]
[WhiteTitle "GM"]
[BlackTitle "GM"]
[WhiteElo "2578"]
[BlackElo "2639"]
[WhiteFideId "1115120"]
[BlackFideId "1610856"]
[EventDate "2014.07.14"]

1. e4 e5 2. Nf3 Nc6 3. Bc4 Nf6 4. d3 Bc5 5. Nc3 d6 6. Bg5 h6 7. Bxf6 Qxf6 8. Nd5
Qd8 9. c3 Ne7 10. d4 Nxd5 11. dxc5 Nf4 12. g3 Nh3 13. cxd6 cxd6 14. Qa4+ Bd7 15.
Bb5 a6 1/2-1/2

[Event "Najdorf Mem Open A 2014"]
[Site "Warsaw POL"]
[Date "2014.07.17"]
[Round "6.7"]
[White "Socko, Bartosz"]
[Black "Tomczak, Jacek"]
[Result "1-0"]
[WhiteTitle "GM"]
[BlackTitle "GM"]
[WhiteElo "2616"]
[BlackElo "2547"]
[WhiteFideId "1107038"]
[BlackFideId "1124668"]
[EventDate "2014.07.14"]

1. d4 Nf6 2. c4 g6 3. f3 d5 4. cxd5 c6 5. dxc6 Nxc6 6. e3 e5 7. dxe5 Qa5+ 8. Nc3
Qxe5 9. Bb5 Bc5 10. Nge2 O-O 11. Bxc6 bxc6 12. e4 Ba6 13. Bf4 Qe6 14. Qa4 Bxe2
15. Nxe2 Rfd8 16. Rc1 Nd7 17. Qc4 Qe7 18. h4 Bb4+ 19. Kf2 Bc5+ 20. Kg3 Bd6 21.
Rcd1 Bxf4+ 22. Nxf4 Ne5 23. Qc3 g5 24. Ne2 gxh4+ 25. Kf2 Qg5 26. b3 Qf6 27. f4
Ng4+ 28. Kf3 Qg6 29. Rxd8+ Rxd8 30. Rxh4 h5 31. Nd4 Nh2+ 32. Rxh2 Rxd4 33. Qxd4
Qg4+ 34. Ke3 Qg3+ 35. Ke2 Qxh2 36. Qd8+ Kh7 37. Qg5 f6 38. Qf5+ Kg7 39. Kf3 Qg1
40. Qd7+ Kh6 41. Qd2 Kg7 42. e5 fxe5 43. Qd7+ Kf8 44. Qf5+ Kg8 45. Qxe5 Qf1+ 46.
Kg3 Qa6 47. Qe6+ Kf8 48. Qd6+ Kg8 49. a4 Qb7 50. Qe6+ Kf8 51. Kh4 c5 52. Qf6+
Kg8 53. Qg5+ 1-0

[Event "Najdorf Mem Open A 2014"]
[Site "Warsaw POL"]
[Date "2014.07.17"]
[Round "6.8"]
[White "Zhigalko, Andrey"]
[Black "Rozentalis, Eduardas"]
[Result "0-1"]
[WhiteTitle "GM"]
[BlackTitle "GM"]
[WhiteElo "2585"]
[BlackElo "2603"]
[WhiteFideId "13502247"]
[BlackFideId "12800023"]
[EventDate "2014.07.14"]

1. d4 Nf6 2. c4 e6 3. Nc3 Bb4 4. Qc2 d5 5. cxd5 Qxd5 6. Nf3 Qf5 7. Qxf5 exf5 8.
a3 Bd6 9. Bg5 Ne4 10. Nxe4 fxe4 11. Nd2 h6 12. Bh4 f5 13. e3 Be6 14. Bc4 Bxc4
15. Nxc4 Nc6 16. Bg3 Rd8 17. Ke2 O-O 18. Rac1 g5 19. d5 Ne7 20. Bxd6 cxd6 21.
Rhd1 Ng6 22. f3 exf3+ 23. gxf3 Rfe8 24. a4 Re7 25. b4 Kg7 26. b5 Kf6 27. Kf2 g4
28. f4 h5 29. b6 axb6 30. Nxb6 h4 31. Rc3 h3 32. Rdc1 Nh4 33. Rc7 Rde8 34. Rxe7
Rxe7 35. Nc8 Re4 36. Nxd6 Rxa4 37. Rc2 Ra1 38. e4 Rh1 39. e5+ Kg6 40. e6 Rxh2+
41. Ke3 Rxc2 42. e7 Ng2+ 43. Kd3 Rc8 44. Nxc8 Kf7 45. d6 Ke8 46. Na7 Nxf4+ 47.
Kc4 Ng6 0-1

[Event "Najdorf Mem Open A 2014"]
[Site "Warsaw POL"]
[Date "2014.07.17"]
[Round "6.9"]
[White "Dragun, Kamil"]
[Black "Sandipan, Chanda"]
[Result "1/2-1/2"]
[WhiteTitle "GM"]
[BlackTitle "GM"]
[WhiteElo "2518"]
[BlackElo "2597"]
[WhiteFideId "1134167"]
[BlackFideId "5004225"]
[EventDate "2014.07.14"]

1. d4 f5 2. g3 Nf6 3. Bg2 e6 4. c4 g6 5. Nf3 d6 6. O-O Bg7 7. Nc3 O-O 8. Qc2 Nc6
9. Rd1 Qe8 10. e3 Bd7 11. d5 exd5 12. cxd5 Ne5 13. Nd4 c5 14. dxc6 bxc6 15. b3
c5 16. Nf3 Ne4 17. Nxe5 Qxe5 18. Nxe4 fxe4 19. Rb1 Bg4 20. Rd2 Bf3 21. Bb2 Qe7
22. Bf1 Rad8 23. b4 cxb4 24. Qb3+ Kh8 25. Qxb4 h5 26. a4 h4 27. a5 hxg3 28. fxg3
Rb8 29. Bxg7+ Qxg7 30. Qxb8 Rxb8 31. Rxb8+ Kh7 32. Rb3 Qa1 33. a6 Qe1 34. Rxd6
Be2 35. Rf6 Bd3 36. Rf2 Qxe3 37. Bxd3 exd3 38. Rb2 g5 39. g4 Qe6 40. h3 Qxa6 41.
Rbd2 Qb6 42. Kg2 Qe3 43. Rd1 Qe4+ 44. Kh2 Qe5+ 45. Kg2 Qe4+ 46. Kh2 Qe5+ 1/2-1/2

[Event "Najdorf Mem Open A 2014"]
[Site "Warsaw POL"]
[Date "2014.07.17"]
[Round "6.10"]
[White "Matuszewski, Michal"]
[Black "Krasenkow, Michal"]
[Result "0-1"]
[WhiteTitle "IM"]
[BlackTitle "GM"]
[WhiteElo "2416"]
[BlackElo "2623"]
[WhiteFideId "1129775"]
[BlackFideId "1113100"]
[EventDate "2014.07.14"]

1. d4 d6 2. c4 e5 3. dxe5 dxe5 4. Qxd8+ Kxd8 5. Nc3 Be6 6. Nf3 f6 7. e3 Nd7 8.
Be2 c6 9. b3 a5 10. O-O Nh6 11. Rd1 Kc7 12. Bb2 Nc5 13. Nd2 a4 14. Nde4 Nxe4 15.
Nxe4 Bf5 16. Ng3 Be6 17. Bc3 Nf7 18. Bd3 g6 19. Ne4 f5 20. Nd2 Bd6 21. Bc2 Rhd8
22. e4 Bc5 23. Nf3 Rxd1+ 24. Bxd1 fxe4 25. Nxe5 Rf8 26. Nxf7 Rxf7 27. Be5+ Kb6
28. Bg3 e3 29. Bf3 g5 30. Rf1 g4 31. Be2 exf2+ 32. Bxf2 Rxf2 33. Rxf2 axb3 34.
axb3 Ka5 35. Bd3 h6 36. Kf1 Bxf2 37. Kxf2 Kb4 38. Ke3 c5 39. Be4 Kxb3 40. Bxb7
Kxc4 41. Ke4 Kb4 42. Ke5 Bd7 43. Be4 c4 44. Kf4 c3 45. Kg3 h5 46. Bg6 Kb3 47.
Kh4 Be8 48. Bxe8 c2 49. Bxh5 c1=Q 50. Bxg4 Kc4 51. Bf3 Qf4+ 52. Kh3 Kd4 53. Bg4
Qh6+ 54. Kg3 Ke3 55. Bf3 Qf4+ 56. Kh3 Kf2 0-1

[Event "Najdorf Mem Open A 2014"]
[Site "Warsaw POL"]
[Date "2014.07.17"]
[Round "6.11"]
[White "Areshchenko, Alexander"]
[Black "Romanishin, Oleg M"]
[Result "1-0"]
[WhiteTitle "GM"]
[BlackTitle "GM"]
[WhiteElo "2701"]
[BlackElo "2502"]
[WhiteFideId "14109530"]
[BlackFideId "14100088"]
[EventDate "2014.07.14"]

1. e4 e5 2. Nf3 Nc6 3. d4 exd4 4. Nxd4 Bc5 5. Nb3 Bb4+ 6. Nc3 Nf6 7. Bd3 a5 8.
O-O a4 9. Nd2 Bxc3 10. bxc3 O-O 11. f4 d6 12. Ba3 Re8 13. Qf3 Nd7 14. Rae1 Nf8
15. Re3 Qh4 16. Qe2 Ng6 17. g3 Qh3 18. Qf2 b6 19. Nf3 Ba6 20. Qe2 Bxd3 21. cxd3
Qg4 22. Kh1 b5 23. d4 Rab8 24. f5 Nf8 25. Qg2 f6 26. h3 Qh5 27. g4 Qf7 28. g5
Na5 29. Bc1 Nc4 30. Re2 Kh8 31. Rg1 b4 32. cxb4 fxg5 33. Nxg5 Qf6 34. Rc2 d5 35.
e5 Qxf5 36. Rf2 Qg6 37. Qxd5 1-0

[Event "Najdorf Mem Open A 2014"]
[Site "Warsaw POL"]
[Date "2014.07.17"]
[Round "6.12"]
[White "Popilski, Gil"]
[Black "Fedoseev, Vladimir3"]
[Result "0-1"]
[WhiteTitle "GM"]
[BlackTitle "GM"]
[WhiteElo "2500"]
[BlackElo "2668"]
[WhiteFideId "2809060"]
[BlackFideId "24130737"]
[EventDate "2014.07.14"]

1. e4 c5 2. Nf3 e6 3. d4 cxd4 4. Nxd4 a6 5. c4 Nf6 6. Nc3 Qc7 7. a3 d6 8. Be3 b6
9. Be2 Bb7 10. f3 Nbd7 11. O-O Be7 12. Qd2 O-O 13. Rfc1 Rac8 14. b4 Qb8 15. Kh1
Rfe8 16. Bg1 h5 17. Bf1 h4 18. Bf2 h3 19. g3 Ne5 20. Bxh3 Nxc4 21. Qe2 Bf8 22.
Rc2 d5 23. exd5 Nxd5 24. Ne4 b5 25. Nb3 Bc6 26. Nec5 Qa8 27. Nd4 a5 28. Nxc6
Qxc6 29. a4 Nd6 30. bxa5 b4 31. Rac1 Nc3 32. Rxc3 bxc3 33. Rxc3 Nb7 34. Ne4 Qxa4
35. Rxc8 Rxc8 36. a6 Rc1+ 37. Kg2 Nc5 38. a7 Qxa7 39. Bxe6 fxe6 40. Nxc5 Bxc5
41. Qxe6+ Kf8 42. Qf5+ Ke8 43. Qe5+ Qe7 44. Qb8+ Qd8 45. Qb5+ Kf7 46. Qb3+ Kf8
47. Qb2 Qd1 48. Bxc5+ Kg8 49. Qb5 Qh1+ 50. Kh3 Qxf3 51. Bd6 Rd1 52. Bf4 Kh8 53.
Qb8+ Kh7 54. Qb5 Rd5 55. Qb1+ Rd3 56. Qb5 Rd5 57. Qb1+ Kg8 58. Qb8+ Kf7 59. Qb7+
Kg6 60. Qc6+ Kh7 61. Qc2+ Rd3 62. Qc4 Qh5+ 63. Kg2 Qe2+ 0-1

[Event "Najdorf Mem Open A 2014"]
[Site "Warsaw POL"]
[Date "2014.07.17"]
[Round "6.13"]
[White "Agdestein, Simen"]
[Black "Lei, Tingjie"]
[Result "1-0"]
[WhiteTitle "GM"]
[WhiteElo "2637"]
[BlackElo "2450"]
[WhiteFideId "1500015"]
[BlackFideId "8605114"]
[EventDate "2014.07.14"]

1. d4 Nf6 2. c4 g6 3. Nf3 Bg7 4. Nc3 d5 5. Qa4+ Bd7 6. Qb3 dxc4 7. Qxc4 Be6 8.
Qb5+ Bd7 9. Qxb7 Nc6 10. Qb3 O-O 11. e3 Rb8 12. Qd1 Na5 13. Be2 c5 14. O-O Qc7
15. Na4 cxd4 16. exd4 Nc6 17. b3 Qd6 18. Nb2 Nd5 19. Nc4 Qc7 20. Bb2 Rfd8 21.
Rc1 Bh6 22. Ncd2 Qb7 23. Rc5 Nf4 24. Bc4 Nb4 25. Ba3 Nxa2 26. Re1 Bf8 27. Ne4
Ne6 28. Ne5 Be8 29. Qe2 Rxd4 30. Bxe6 fxe6 31. Nf3 Rxe4 32. Qxe4 Qxe4 33. Rxe4
Rxb3 34. Re3 Rb1+ 35. Re1 Rb3 36. Ra5 e5 37. Rxa7 Nc3 38. Bxe7 Nb5 39. Rb7 Bg7
40. Rb8 Kf7 41. Bc5 Bc6 42. Ng5+ Kf6 43. Nxh7+ 1-0

[Event "Najdorf Mem Open A 2014"]
[Site "Warsaw POL"]
[Date "2014.07.17"]
[Round "6.14"]
[White "Dionisi, Thomas"]
[Black "Mista, Aleksander"]
[Result "0-1"]
[WhiteTitle "FM"]
[BlackTitle "GM"]
[WhiteElo "2393"]
[BlackElo "2609"]
[WhiteFideId "651893"]
[BlackFideId "1110381"]
[EventDate "2014.07.14"]

1. e4 c5 2. Nf3 e6 3. c3 d5 4. e5 d4 5. Bd3 Nc6 6. O-O f5 7. exf6 Nxf6 8. Re1
Bd6 9. Ng5 O-O 10. Bc4 Ne5 11. Nxe6 Bxe6 12. Bxe6+ Kh8 13. d3 dxc3 14. Nxc3 Nxd3
15. Rf1 Be5 16. Bc4 Nxc1 17. Rxc1 Qc7 18. g3 Rad8 19. Qc2 a6 20. Rcd1 b5 21. Nd5
Qc6 22. Nxf6 Qxf6 23. Bd3 Bd4 24. b3 c4 25. bxc4 bxc4 26. Be4 c3 27. Kg2 Rb8 28.
Qd3 Rfd8 29. Rc1 Be5 30. Qf3 Rd2 31. Qxf6 gxf6 32. Rc2 Rb2 33. Rxb2 cxb2 34. Kf3
Bd4 35. Bb1 Kg7 36. g4 h6 37. h4 Kf7 38. Kg3 Ke6 39. f4 Re2 40. g5 Re3+ 41. Kg2
fxg5 42. hxg5 hxg5 43. fxg5 Rc3 44. Re1+ Kd6 45. Kf1 Rc1 46. Ke2 Kc5 47. g6 Kb4
48. Rd1 Bc3 49. Bf5 Ka3 50. Bb1 a5 51. Rf1 a4 52. Rd1 Rxb1 53. Rxb1 Kxa2 54. Kd3
Kb3 55. Rg1 a3 0-1

[Event "Najdorf Mem Open A 2014"]
[Site "Warsaw POL"]
[Date "2014.07.17"]
[Round "6.15"]
[White "Vydeslaver, Alik"]
[Black "Piorun, Kacper"]
[Result "1/2-1/2"]
[WhiteTitle "IM"]
[BlackTitle "GM"]
[WhiteElo "2384"]
[BlackElo "2577"]
[WhiteFideId "2801876"]
[BlackFideId "1130420"]
[EventDate "2014.07.14"]

1. e4 c5 2. Nf3 e6 3. c3 d5 4. exd5 Qxd5 5. Na3 Nf6 6. d4 Nc6 7. Nb5 Qd8 8. dxc5
Bxc5 9. Qxd8+ Kxd8 10. Bf4 Nd5 11. Rd1 Ke7 12. Bg3 a6 13. Nbd4 Nxd4 14. Nxd4 Rd8
15. Be2 f6 16. Bf3 Nb6 17. Nb3 Bd6 18. Na5 Rb8 19. Bxd6+ Rxd6 20. Ke2 Na4 21.
Rxd6 Kxd6 22. Rd1+ Kc7 23. Rd2 e5 24. Ke3 Be6 25. Bd1 Nb6 26. Bb3 Bf5 27. Ke2 g5
28. Nc4 Nxc4 29. Bxc4 h5 30. Bd5 a5 31. Ke3 h4 32. b3 Re8 33. g3 Rh8 34. a3 Bh3
35. b4 axb4 36. axb4 hxg3 37. hxg3 Ra8 38. Ra2 Rxa2 39. Bxa2 Kd6 40. c4 f5 41.
f4 1/2-1/2